Goldman-Cecil Medicine / (Record no. 36081)
[ view plain ]
| 000 -LEADER | |
|---|---|
| fixed length control field | 00502nam a22001817a 4500 |
| 005 - DATE AND TIME OF LATEST TRANSACTION | |
| control field | 20240709092957.0 |
| 008 - FIXED-LENGTH DATA ELEMENTS--GENERAL INFORMATION | |
| fixed length control field | 240709b |||||||| |||| 00| 0 eng d |
| 020 ## - INTERNATIONAL STANDARD BOOK NUMBER | |
| ISBN | 9781455750177 |
| 082 ## - DEWEY DECIMAL CLASSIFICATION NUMBER | |
| Classification number | 616 |
| Item number | GOL-G |
| 245 ## - TITLE STATEMENT | |
| Title | Goldman-Cecil Medicine / |
| Statement of responsibility, etc. | Lee Goldman, Andrew i. Schafer |
| 250 ## - EDITION STATEMENT | |
| Edition statement | 25th ed. |
| 260 ## - PUBLICATION, DISTRIBUTION, ETC. | |
| Place of Publication | America : |
| Name of publisher, distributor, etc. | Elsevier ; |
| Date of publication, distribution, etc. | 2016 |
| 300 ## - PHYSICAL DESCRIPTION | |
| Pages | xi,`1108p. |
| 500 ## - GENERAL NOTE | |
| General note | Include index . |
| 650 ## - SUBJECT ADDED ENTRY--TOPICAL TERM | |
| Subject / Department | Medical / Medicine |
| 700 ## - ADDED ENTRY--PERSONAL NAME | |
| Personal name | Andrew i. Schafer |
| 300 ## - PHYSICAL DESCRIPTION | |
| -- | ill; |
| -- | 27.5 cm. |
| 952 ## - LOCATION AND ITEM INFORMATION (KOHA) | |
| -- | 0 |
| -- | 0 |
| 952 ## - LOCATION AND ITEM INFORMATION (KOHA) | |
| -- | 0 |
| -- | 0 |
| 952 ## - LOCATION AND ITEM INFORMATION (KOHA) | |
| -- | 0 |
| -- | 0 |
| 952 ## - LOCATION AND ITEM INFORMATION (KOHA) | |
| -- | 0 |
| -- | 0 |
| Lost status | Damaged status | Collection code | Permanent Location | Current Location | Shelving Location | Date acquired | Full Call Number | Accession No./Barcode | Date last seen | Copy number | item type | Koha item type |
|---|---|---|---|---|---|---|---|---|---|---|---|---|
| Medical | Superior Information Resource Center (SIRC) Superior University- Main Campus | Superior Information Resource Center (SIRC) Superior University- Main Campus | Medicine | 07/09/2024 | 616 GOL-G 2016 | 13291 | 07/09/2024 | 1 | BOOK | BOOK | ||
| Medical | Superior Information Resource Center (SIRC) Superior University- Main Campus | Superior Information Resource Center (SIRC) Superior University- Main Campus | Medicine | 07/09/2024 | 616 GOL-G 2016 | 13292 | 07/09/2024 | 2 | BOOK | BOOK | ||
| Medical | Superior Information Resource Center (SIRC) Superior University- Main Campus | Superior Information Resource Center (SIRC) Superior University- Main Campus | Medicine | 07/09/2024 | 616 GOL-G 2016 | 13293 | 07/09/2024 | 3 | BOOK | BOOK | ||
| Medical | Superior Information Resource Center (SIRC) Superior University- Main Campus | Superior Information Resource Center (SIRC) Superior University- Main Campus | Medicine | 07/09/2024 | 616 GOL-G 2016 | 13294 | 07/09/2024 | 4 | BOOK | BOOK |
